000 00570nam a2200193Ia 4500
005 20250425162709.0
008 250425s9999 xx 000 0 und d
041 _aeng
043 _ait
082 _a639.4
245 0 _aSECOND FAO AD HOC EXPERT ADVISORY PANEL FOR THE ASSESSMENT OF PROPORSALS TO AMEND APPENDICES I AND II OF CITES CONCERNING COMMERCIALLY EXPLOITED AQUATIC SPECIES
250 _aS.E
260 _aItalia
_bFAO
_c2007
260 _aROMA
300 _a133
650 _aESPECIES ACUATICAS-MERCADO INTERNACIONAL
942 _c01
010 _a97331
999 _c234574
_d234574